Logo CIB grande

INTODUCCION A LA INVESTIGACION EN CIENCIAS DE LA SALUD (Registro nro. 237399)

Detalles MARC
000 -LEADER
campo de control de longitud fija 00575nam a2200217Ia 4500
005 - FECHA Y HORA DE LA ÚLTIMA TRANSACCIÓN
campo de control 20250425162832.0
008 - DATOS DE LONGITUD FIJA--INFORMACIÓN GENERAL
campo de control de longitud fija 250425s9999 xx 000 0 und d
020 ## - NÚMERO INTERNACIONAL ESTÁNDAR DEL LIBRO
Número Internacional Estándar del Libro 9788490227565
041 ## - CÓDIGO DE IDIOMA
Código de lengua del texto/banda sonora o título independiente spa
044 ## - CÓDIGO DEL PAÍS DE LA ENTIDAD EDITORA/PRODUCTORA
Código MARC del país sp
010 ## - NÚMERO DE CONTROL DE LA BIBLIOTECA DEL CONGRESO
Número de control de LC 111216
100 ## - ENTRADA PRINCIPAL--NOMBRE DE PERSONA
Nombre de persona POLGAR, STEPHEN
245 #0 - MENCIÓN DEL TÍTULO
Título INTODUCCION A LA INVESTIGACION EN CIENCIAS DE LA SALUD
250 ## - MENCION DE EDICION
Mención de edición 6A ED.
264 ## - PRODUCCIÓN, PUBLICACIÓN, DISTRIBUCIÓN, FABRICACIÓN Y COPYRIGHT
Producción, publicación, distribución, fabricación y copyright España, BARCELONA
Nombre del de productor, editor, distribuidor, fabricante ELSEVIER
Fecha de producción, publicación, distribución, fabricación o copyright 2013.
300 ## - DESCRIPCIÓN FÍSICA
Extensión 235
650 ## - PUNTO DE ACCESO ADICIONAL DE MATERIA--TÉRMINO DE MATERIA
Término de materia o nombre geográfico como elemento de entrada INTRODUCCION CUALITATIVA
650 ## - PUNTO DE ACCESO ADICIONAL DE MATERIA--TÉRMINO DE MATERIA
Término de materia o nombre geográfico como elemento de entrada INVESTIGACION EN CIENCIAS DE LA SALUD
700 ## - ENTRADA AGREGADA--NOMBRE PERSONAL
Nombre de persona SHANE A, THOMAS
942 ## - ELEMENTOS DE ENTRADA SECUNDARIOS (KOHA)
Tipo de ítem Koha Libros
Existencias
Estatus retirado Estado de pérdida Estado de daño No para préstamo Biblioteca de origen Biblioteca actual Fecha de adquisición Coste, precio normal de compra Total de préstamos Código de barras Copia número Nota pública
        ESCUELA DE NEGOCIOS ESCUELA DE NEGOCIOS 18/02/2020 70.00   CP-17689 1 COMPRA

Copyright 2025 ESPOL. Todos los derechos reservados.